Statistics for American Muscle cars

Click here to take the quiz!

General Stats

  • This quiz has been taken 368 times
  • The average score is 8 of 15

Answer Stats

Answer% Correct
Charger
95%
Mustang
94%
Challenger
89%
Camaro
79%
Bronco
72%
Corvette
68%
Chevelle
57%
Bel Air
56%
Shelby Cobra
49%
Hudson Hornet
42%
GTO
40%
Model A
36%
Roadrunner
33%
Eldorado
26%
Coupe De Ville
12%

Score Distribution

Percentile by Number Answered

Percent of People with Each Score

Your Score History

You have not taken this quiz